|
|
|
|
| LEADER |
00000ny a22000003n 4500 |
| 005 |
20110622122539.0 |
| 006 |
m u |
| 007 |
cr cn||||||||| |
| 008 |
200807r2008 sp |||||s|||||||||||spa d |
| 020 |
|
|
|a 9788476988114
|
| 035 |
|
|
|a 2159
|
| 040 |
|
|
|a FlNmELB
|c FlNmELB
|d vlex
|
| 050 |
1 |
4 |
|a TD388
|b M375 2008eb
|
| 080 |
|
|
|a 349.61
|
| 090 |
|
|
|c 1239
|d 1239
|
| 100 |
1 |
|
|a Mart ̕Mart,̕ Joaquim.
|
| 245 |
1 |
3 |
|a La defensa frente a la contaminacin̤ acs︢tica y otras inmisiones
|h [Recurso electrn̤ico]
|b comentarios a la Ley 37/2003 del ruido y a sus reglamentos, comentarios a todas las normativas autn̤omicas, exm̀en de la doctrina jurisprudencial civil, penal y administrativa, defensa frente a otra inmisiones, vibraciones, humos y olores /
|c Joaquim Mart ̕Mart̕
|
| 256 |
|
|
|a Servicio en ln̕ea
|
| 260 |
|
|
|a Barcelona :
|b Bosch Editor,
|c 2008
|
| 300 |
|
|
|a 9-151 p
|
| 506 |
1 |
|
|a Contenido solo disponible en los productos indicados
|d vLex Global
|d vLex Global (Academic Edition, excluding Law Schools)
|d vLex Global (U.S. Academic Edition, Law Schools)
|d vLex Global (U.S. Academic Edition, excluding Law Schools)
|d vLex Global (Academic Edition, Law Schools)
|
| 650 |
0 |
7 |
|a Contaminacin̤ acs︢tica
|2 Tesauro vLex
|
| 650 |
0 |
7 |
|a Inmisiones
|2 Tesauro vLex
|
| 650 |
0 |
7 |
|a Civil
|2 Tesauro vLex
|
| 650 |
0 |
7 |
|a Medio ambiente
|2 Tesauro vLex
|
| 650 |
0 |
7 |
|a Programas de descontaminacin̤
|2 Tesauro vLex
|
| 650 |
0 |
7 |
|a Proteccin̤ ambiental
|2 Tesauro vLex
|
| 740 |
0 |
|
|a vLex Libros (Servicios en ln̕ea)
|
| 856 |
4 |
0 |
|z Acceso restringido
|u http://vlex.com/source/contaminacion-acustica-defensa-2159
|
| 942 |
|
|
|c BOOK
|